[Event "Bundesliga 2324"]
[Site "Germany"]
[Date "2024.04.28"]
[Round "15.8"]
[White "Warmerdam, Max"]
[Black "Rapport, Richard"]
[Result "1-0"]
[WhiteElo "2636"]
[BlackElo "2752"]
[PlyCount "87"]
[EventDate "2023.10.21"]
[EventType "team-tourn"]
[EventRounds "15"]
[EventCountry "GER"]
[SourceTitle "CB18_2024"]
[SourceDate "2024.05.01"]
[SourceVersion "1"]
[SourceVersionDate "2024.05.01"]
[SourceQuality "2"]
[WhiteTeam "Solingen"]
[BlackTeam "Baden-Baden"]
[WhiteTeamCountry "GER"]
[BlackTeamCountry "GER"]

1. d4 e6 2. c4 c5 3. d5 g6 4. e4 d6 5. Bd3 Bg7 6. h3 exd5 7. exd5 Nd7 8. Nf3 Qe7+ 9. Qe2 Qxe2+ 10. Kxe2 Ne5 11. Nxe5 Bxe5 12. Nc3 Bd7 13. Bd2 f5 14. f4 Bd4 15. Kf3 Nf6 16. Ne2 Ne4 17. Be1 Bg7 18. Bxe4 fxe4+ 19. Ke3 Bxb2 20. Rb1 Bd4+ 21. Nxd4 cxd4+ 22. Kxd4 0-0-0 23. Bb4 Kc7 24. Rhe1 b6 25. Rxe4 Rde8 26. Rbe1 Rxe4+ 27. Rxe4 Re8 28. Rxe8 Bxe8 29. g4 Bd7 30. Ke4 Ba4 31. Kd3 Bd7 32. Ke4 Ba4 33. Kd3 Bd7 34. Kd4 h5 35. f5 hxg4 36. f6 Be8 37. hxg4 a6 38. Ke4 b5 39. cxb5 axb5 40. Kf4 Bf7 41. Kg5 Kd7 42. a3 Ke8 43. Bxd6 Bxd5 44. Kxg6 1-0

[Event "Titled Tuesday intern op 06th Feb Early"]
[Site "Chess.com INT"]
[Date "2024.02.06"]
[Round "1"]
[White "Warmerdam, Max"]
[Black "Shevchuk, Olexandr"]
[Result "1-0"]
[WhiteElo "2617"]
[BlackElo "2093"]
[PlyCount "133"]
[EventDate "2024.02.06"]
[EventType "swiss (blitz)"]
[EventRounds "11"]
[EventCountry "USA"]
[SourceTitle "CB07_2024"]
[SourceDate "2024.02.14"]
[SourceVersion "1"]
[SourceVersionDate "2024.02.14"]
[SourceQuality "1"]

1. Nf3 d5 2. g3 c6 3. Bg2 Nf6 4. c4 Bf5 5. Qb3 Qb6 6. d3 e6 7. Be3 Qb4+ 8. Bd2 Qb6 9. Be3 Qb4+ 10. Nbd2 Nbd7 11. Bd4 a5 12. Bc3 Qb6 13. 0-0 a4 14. Qc2 Bc5 15. e3 h6 16. b4 axb3 17. axb3 0-0 18. Rfe1 Bg6 19. Bf1 Rfe8 20. Qb2 Bb4 21. d4 Bxc3 22. Qxc3 c5 23. Bg2 Rec8 24. Rxa8 Rxa8 25. Ne5 Nxe5 26. dxe5 d4 27. exd4 cxd4 28. Qf3 Nd7 29. Qxb7 Qxb7 30. Bxb7 Rb8 31. Bc6 Nc5 32. Bb5 Bc2 33. Nf3 Nxb3 34. Ba6 d3 35. c5 Nxc5 36. Bc4 Rb4 37. Nd2 Ba4 38. f4 Rb2 39. Nf3 d2 40. Nxd2 Rxd2 41. Bf1 Bc6 42. Rc1 Rd5 43. Bg2 Nd3 44. Rxc6 Rd4 45. Rc8+ Kh7 46. h4 h5 47. Bf3 g6 48. Kf1 Kg7 49. Rc7 Nb4 50. Ke2 Rd3 51. Rb7 Rb3 52. Be4 Rb2+ 53. Kd1 Nd3 54. Rxb2 Nxb2+ 55. Ke2 Na4 56. Kd3 Nc5+ 57. Kd4 Nb3+ 58. Kc4 Nd2+ 59. Kd3 Nf1 60. Bf3 Nxg3 61. Be4 Nxe4 62. Kxe4 f6 63. Kd4 fxe5+ 64. Kxe5 Kh6 65. Kxe6 Kg7 66. Ke7 g5 67. fxg5 1-0

[Event "Chessable Masters Play In"]
[Site "Chess.com INT"]
[Date "2024.01.31"]
[Round "8"]
[White "Warmerdam, Max"]
[Black "Gledura, Benjamin"]
[Result "0-1"]
[WhiteElo "2625"]
[BlackElo "2633"]
[PlyCount "74"]
[EventDate "2024.01.31"]
[EventType "swiss (rapid)"]
[EventRounds "9"]
[EventCountry "USA"]
[SourceTitle "CB06_2024"]
[SourceDate "2024.02.07"]
[SourceVersion "1"]
[SourceVersionDate "2024.02.07"]
[SourceQuality "1"]

1. Nf3 d5 2. c4 e6 3. g3 d4 4. Bg2 Nc6 5. 0-0 Bc5 6. d3 Nf6 7. Nbd2 0-0 8. Nb3 Be7 9. e3 dxe3 10. Bxe3 Ng4 11. Bc5 Bxc5 12. Nxc5 b6 13. Nh4 Nge5 14. d4 Nxd4 15. Nb3 Nxb3 16. axb3 Rb8 17. Qe2 f6 18. Rxa7 Qe7 19. Be4 Qc5 20. Rd1 Nc6 21. Rxc7 Nd4 22. Bxh7+ Kxh7 23. Qe4+ Kg8 24. Rxc5 bxc5 25. Rxd4 cxd4 26. Qxd4 Rxb3 27. Ng6 Re8 28. h4 e5 29. Qd6 Be6 30. c5 Rxb2 31. h5 Rb1+ 32. Kh2 Rb2 33. Kg2 e4 34. Qd4 Rc2 35. h6 e3 36. Nf4 Rxf2+ 37. Kg1 Bf7 0-1

[Event "Tata Steel-A 86th"]
[Site "Wijk aan Zee"]
[Date "2024.01.26"]
[Round "11"]
[White "Wei, Yi"]
[Black "Warmerdam, Max"]
[Result "1-0"]
[WhiteElo "2740"]
[BlackElo "2625"]
[PlyCount "53"]
[EventDate "2024.01.13"]
[EventType "tourn"]
[EventRounds "13"]
[EventCountry "NED"]
[EventCategory "19"]
[SourceTitle "CB05_2024"]
[SourceDate "2024.01.31"]
[SourceVersion "1"]
[SourceVersionDate "2024.01.31"]
[SourceQuality "1"]

1. e4 e5 2. Bc4 Nf6 3. d3 Bc5 4. Nc3 c6 5. f4 d5 6. exd5 Ng4 7. Nf3 0-0 8. fxe5 Nf2 9. Qe2 Nxh1 10. Bg5 Qa5 11. d6 Bg4 12. Be7 Nd7 13. e6 Ba3 14. exf7+ Kh8 15. 0-0-0 Qxc3 16. bxa3 Bxf3 17. gxf3 Ne5 18. Kb1 Qd4 19. Rxh1 Nxc4 20. dxc4 Qb6+ 21. Kc1 Rxf7 22. Rd1 Rff8 23. d7 Rg8 24. Qe5 Rad8 25. f4 c5 26. Bxd8 Qxd8 27. Qxc5 1-0

[Event "Tata Steel-A 86th"]
[Site "Wijk aan Zee"]
[Date "2024.01.21"]
[Round "8"]
[White "Warmerdam, Max"]
[Black "Praggnanandhaa, Rameshbabu"]
[Result "1/2-1/2"]
[WhiteElo "2625"]
[BlackElo "2743"]
[PlyCount "86"]
[EventDate "2024.01.13"]
[EventType "tourn"]
[EventRounds "13"]
[EventCountry "NED"]
[EventCategory "19"]
[SourceTitle "CB05_2024"]
[SourceDate "2024.01.31"]
[SourceVersion "1"]
[SourceVersionDate "2024.01.31"]
[SourceQuality "1"]

1. d4 Nf6 2. c4 e6 3. Nf3 Bb4+ 4. Bd2 Qe7 5. g3 Bxd2+ 6. Qxd2 Nc6 7. b3 Ne4 8. Qb2 d6 9. Bg2 0-0 10. 0-0 e5 11. e3 f5 12. b4 Re8 13. Rd1 Nf6 14. b5 Nb8 15. dxe5 dxe5 16. Nc3 Nbd7 17. Nd5 Nxd5 18. cxd5 e4 19. Nd4 Nc5 20. Bf1 Bd7 21. Rac1 Kh8 22. Nb3 Nxb3 23. axb3 Qd6 24. Qd4 b6 25. Qc3 Rec8 26. Ra1 Be8 27. Rd2 Bf7 28. Bc4 Rcb8 29. Ra6 h6 30. Bf1 Be8 31. Bc4 Kh7 32. Kf1 Bh5 33. Ke1 Rd8 34. Qa1 Bf3 35. Qd4 Bh5 36. Rda2 Bf7 37. Rxa7 Rxa7 38. Rxa7 Bxd5 39. Bxd5 Qxd5 40. Rxc7 Qxd4 41. exd4 Rxd4 42. Rc6 Rb4 43. Rxb6 Rxb3 1/2-1/2

[Event "Tata Steel-A 86th"]
[Site "Wijk aan Zee"]
[Date "2024.01.15"]
[Round "3"]
[White "Warmerdam, Max"]
[Black "Firouzja, Alireza"]
[Result "1/2-1/2"]
[WhiteElo "2625"]
[BlackElo "2759"]
[PlyCount "60"]
[EventDate "2024.01.13"]
[EventType "tourn"]
[EventRounds "13"]
[EventCountry "NED"]
[EventCategory "19"]
[SourceTitle "CB05_2024"]
[SourceDate "2024.01.31"]
[SourceVersion "1"]
[SourceVersionDate "2024.01.31"]
[SourceQuality "1"]

1. d4 Nf6 2. c4 e6 3. Nf3 b6 4. g3 Ba6 5. Qa4 Bb7 6. Bg2 Be7 7. 0-0 0-0 8. Nc3 Ne4 9. Bd2 f5 10. Ne5 Qc8 11. Nxe4 Bxe4 12. Bxe4 fxe4 13. Bc3 c5 14. dxc5 bxc5 15. Rad1 d6 16. Ng4 Nd7 17. f3 Nb6 18. Qc2 d5 19. fxe4 Nxc4 20. e3 Nxe3 21. Nxe3 d4 22. Rxf8+ Bxf8 23. Bd2 dxe3 24. Bxe3 Qc6 25. b3 a5 26. Rd4 Qb5 27. Rc4 Rc8 28. Kg2 Be7 29. a3 Rf8 30. Bf2 h6 1/2-1/2

[Event "EU-chT 24th"]
[Site "Budva"]
[Date "2023.11.20"]
[Round "9.9"]
[White "Jobava, Baadur"]
[Black "Warmerdam, Max"]
[Result "1-0"]
[WhiteElo "2568"]
[BlackElo "2638"]
[PlyCount "75"]
[EventDate "2023.11.11"]
[EventType "team-swiss"]
[EventRounds "9"]
[EventCountry "MNE"]
[SourceTitle "CB47_2023"]
[SourceDate "2023.11.22"]
[SourceVersion "1"]
[SourceVersionDate "2023.11.22"]
[SourceQuality "1"]
[WhiteTeam "Georgia"]
[BlackTeam "Netherlands"]
[WhiteTeamCountry "GEO"]
[BlackTeamCountry "NED"]

1. Nf3 Nf6 2. g3 g6 3. b3 Bg7 4. Bb2 d6 5. Bg2 e5 6. d3 0-0 7. 0-0 a5 8. c4 Re8 9. Nc3 c6 10. e4 Na6 11. h3 Bd7 12. d4 b5 13. cxb5 cxb5 14. Re1 Rc8 15. Bf1 Nc7 16. dxe5 dxe5 17. a4 b4 18. Nb1 Be6 19. Nbd2 Nd7 20. Nc4 Nc5 21. Qc2 Na8 22. Rad1 Qe7 23. Rd5 Bxd5 24. exd5 Nd7 25. Qd1 Rc5 26. Ncxe5 Nxe5 27. Bxe5 Bxe5 28. Rxe5 Qd8 29. Rxe8+ Qxe8 30. Qd4 Rc1 31. Ne5 Nb6 32. Nd3 Rb1 33. Qxb6 Qe2 34. Qb8+ Kg7 35. Qe5+ Qxe5 36. Nxe5 Rxb3 37. d6 Kf8 38. Nxf7 1-0

[Event "EU-chT 24th"]
[Site "Budva"]
[Date "2023.11.15"]
[Round "5.2"]
[White "Warmerdam, Max"]
[Black "Moroni, Luca Jr"]
[Result "1/2-1/2"]
[WhiteElo "2638"]
[BlackElo "2575"]
[PlyCount "109"]
[EventDate "2023.11.11"]
[EventType "team-swiss"]
[EventRounds "9"]
[EventCountry "MNE"]
[SourceTitle "CB47_2023"]
[SourceDate "2023.11.22"]
[SourceVersion "1"]
[SourceVersionDate "2023.11.22"]
[SourceQuality "1"]
[WhiteTeam "Netherlands"]
[BlackTeam "Italy"]
[WhiteTeamCountry "NED"]
[BlackTeamCountry "ITA"]

1. d4 d5 2. c4 e6 3. Nc3 Nf6 4. cxd5 exd5 5. Bg5 c6 6. e3 h6 7. Bh4 Be7 8. Bd3 0-0 9. Nge2 Ne8 10. Bg3 Nd6 11. Qc2 Be6 12. 0-0 Qd7 13. f3 Na6 14. a3 c5 15. Nf4 cxd4 16. exd4 Rac8 17. Qf2 Nc7 18. Rfe1 Nf5 19. Nxe6 fxe6 20. Be5 Bh4 21. g3 Bf6 22. Rad1 a6 23. Kh1 Ne8 24. Bxf5 exf5 25. Rd3 Nc7 26. Rde3 Bxe5 27. Rxe5 Rce8 28. Qd2 Qc6 29. Kg2 Qc4 30. h4 Qb3 31. h5 Qc4 32. Qf4 Qb3 33. R1e2 Rxe5 34. Qxe5 Qc4 35. Qd6 Rf6 36. Qd8+ Rf8 37. Qd7 Rf7 38. Re7 Rxe7 39. Qxe7 Nb5 40. Qe6+ Kh8 41. Qxf5 Nxc3 42. Qf8+ Kh7 43. Qf5+ Kh8 44. Qf8+ Kh7 45. bxc3 b5 46. Qf5+ Kh8 47. Qc2 a5 48. Qb2 a4 49. g4 Qb3 50. Qc1 Qc4 51. Qb2 Qb3 52. Qc1 Qc4 53. Kg3 b4 54. axb4 Qb3 55. Qe3 1/2-1/2

[Event "FIDE Grand Swiss"]
[Site "Douglas"]
[Date "2023.11.04"]
[Round "10"]
[White "Rodrigue Lemieux, Shawn"]
[Black "Warmerdam, Max"]
[Result "1-0"]
[WhiteElo "2488"]
[BlackElo "2636"]
[PlyCount "55"]
[EventDate "2023.10.25"]
[EventType "swiss"]
[EventRounds "11"]
[EventCountry "IOM"]
[SourceTitle "Mega2024 Update 01"]
[Source "Chessbase"]
[SourceDate "2023.11.12"]
[SourceVersion "1"]
[SourceVersionDate "2023.11.12"]
[SourceQuality "1"]

1. e4 c5 2. Nf3 e6 3. d4 cxd4 4. Nxd4 Nc6 5. Nc3 Qc7 6. g3 h5 7. Bg2 h4 8. 0-0 a6 9. Re1 d6 10. Nxc6 bxc6 11. e5 d5 12. Na4 Bb7 13. c4 dxc4 14. Nc3 Ne7 15. Ne4 Nd5 16. Bg5 hxg3 17. hxg3 Qxe5 18. Nf6+ gxf6 19. Rxe5 fxe5 20. Qa4 Bd6 21. Rd1 Kf8 22. Qxc4 f5 23. Rd3 Rh7 24. Rb3 Rc8 25. Qc2 e4 26. Bxe4 fxe4 27. Qxe4 Rcc7 28. Qxe6 1-0

[Event "Bundesliga 2324"]
[Site "Germany"]
[Date "2023.10.21"]
[Round "1.3"]
[White "Warmerdam, Max"]
[Black "Mamedyarov, Shakhriyar"]
[Result "1/2-1/2"]
[WhiteElo "2636"]
[BlackElo "2734"]
[PlyCount "62"]
[EventDate "2023.10.21"]
[EventType "team-tourn"]
[EventRounds "15"]
[EventCountry "GER"]
[SourceTitle "Mega2024 Update 01"]
[Source "Chessbase"]
[SourceDate "2023.11.12"]
[SourceVersion "1"]
[SourceVersionDate "2023.11.12"]
[SourceQuality "1"]
[WhiteTeam "Solingen"]
[BlackTeam "Viernheim"]
[WhiteTeamCountry "GER"]
[BlackTeamCountry "GER"]

1. c4 Nf6 2. Nc3 d5 3. cxd5 Nxd5 4. Nf3 g6 5. h4 Nxc3 6. bxc3 Bg7 7. h5 c5 8. Qa4+ Nc6 9. Ba3 Qd6 10. Ng5 Qd5 11. f4 Bd7 12. Qe4 Qxe4 13. Nxe4 b6 14. h6 Bf8 15. g3 f5 16. Ng5 e5 17. Bg2 Be7 18. 0-0 Bxg5 19. fxg5 0-0-0 20. e4 Na5 21. Rae1 fxe4 22. Bxe4 Bc6 23. Bxc6 Nxc6 24. Rf6 Kc7 25. d4 exd4 26. Ree6 d3 27. Rxc6+ Kb7 28. Bc1 d2 29. Bxd2 Rxd2 30. Rcd6 Rxd6 31. Rxd6 Kc7 1/2-1/2

[Event "AI Cup Play In"]
[Site "Chess.com INT"]
[Date "2023.09.18"]
[Round "7"]
[White "Mendonca, Leon Luke"]
[Black "Warmerdam, Max"]
[Result "0-1"]
[WhiteElo "2622"]
[BlackElo "2645"]
[PlyCount "108"]
[EventDate "2023.09.18"]
[EventType "swiss (rapid)"]
[EventRounds "9"]
[EventCountry "USA"]
[SourceTitle "EXT 2024"]
[Source "ChessBase"]
[SourceDate "2023.10.10"]
[SourceVersion "1"]
[SourceVersionDate "2023.10.10"]
[SourceQuality "1"]

1. d4 Nf6 2. Nf3 d5 3. e3 e6 4. Bd3 b6 5. 0-0 Bb7 6. b3 Bd6 7. c4 0-0 8. cxd5 exd5 9. Ba3 a6 10. Bxd6 Qxd6 11. Nc3 Nbd7 12. Rc1 Rfe8 13. Rc2 c5 14. Ne2 Rac8 15. Ng3 g6 16. Qe2 a5 17. Rfc1 a4 18. Bb5 axb3 19. axb3 Bc6 20. Rd1 Ra8 21. Bxc6 Qxc6 22. Ra2 Rxa2 23. Qxa2 c4 24. Ne2 b5 25. b4 Ne4 26. Nd2 Ra8 27. Qc2 Nxd2 28. Qxd2 Ra3 29. Nc3 Nb6 30. e4 Rb3 31. h4 Qd6 32. Nxb5 Qxb4 33. Qxb4 Rxb4 34. Nc3 dxe4 35. Nxe4 Nd5 36. Rc1 f5 37. Nc3 Nxc3 38. Rxc3 Kf7 39. d5 Ke7 40. h5 Kd6 41. hxg6 hxg6 42. Kf1 Kxd5 43. Rg3 Rb6 44. Ke2 Kd4 45. Kd2 Rb2+ 46. Kc1 Rxf2 47. Rxg6 f4 48. Kd1 Kd3 49. Ke1 Re2+ 50. Kf1 Re4 51. Rd6+ Rd4 52. Ra6 c3 53. Ke1 Re4+ 54. Kf2 c2 0-1

[Event "AI Cup Play In"]
[Site "Chess.com INT"]
[Date "2023.09.18"]
[Round "2"]
[White "Vokhidov, Shamsiddin"]
[Black "Warmerdam, Max"]
[Result "1/2-1/2"]
[WhiteElo "2578"]
[BlackElo "2645"]
[PlyCount "90"]
[EventDate "2023.09.18"]
[EventType "swiss (rapid)"]
[EventRounds "9"]
[EventCountry "USA"]
[SourceTitle "EXT 2024"]
[Source "ChessBase"]
[SourceDate "2023.10.10"]
[SourceVersion "1"]
[SourceVersionDate "2023.10.10"]
[SourceQuality "1"]

1. e4 e5 2. Nf3 Nc6 3. Bb5 a6 4. Ba4 Nf6 5. 0-0 Be7 6. Re1 b5 7. Bb3 d6 8. c3 0-0 9. h3 Bb7 10. d4 Re8 11. Nbd2 Bf8 12. d5 Nb8 13. Nf1 h6 14. Ng3 c6 15. dxc6 Bxc6 16. Nh2 Nbd7 17. Ng4 Nxg4 18. hxg4 Nc5 19. Bd5 Bxd5 20. Qxd5 Qd7 21. g5 hxg5 22. Bxg5 Qe6 23. Rad1 Na4 24. Bc1 Nb6 25. Qc6 Rab8 26. Qc7 d5 27. Be3 dxe4 28. Bxb6 Rxb6 29. Nxe4 Rc6 30. Qd7 Qxd7 31. Rxd7 Be7 32. Red1 b4 33. cxb4 Rc4 34. Nd6 Bxd6 35. R1xd6 Rxb4 36. b3 a5 37. Ra6 a4 38. bxa4 Rb1+ 39. Kh2 Rb2 40. f3 e4 41. fxe4 Rxe4 42. Rd8+ Kh7 43. Rd3 Rh4+ 44. Rh3 Rxh3+ 45. Kxh3 Rxa2 1/2-1/2

[Event "AI Cup Play In Match"]
[Site "Chess.com INT"]
[Date "2023.09.18"]
[Round "1.2"]
[White "Warmerdam, Max"]
[Black "Maghsoodloo, Parham"]
[Result "0-1"]
[WhiteElo "2645"]
[BlackElo "2707"]
[PlyCount "98"]
[EventDate "2023.09.18"]
[EventType "k.o. (rapid)"]
[EventRounds "1"]
[EventCountry "USA"]
[SourceTitle "EXT 2024"]
[Source "ChessBase"]
[SourceDate "2023.10.10"]
[SourceVersion "1"]
[SourceVersionDate "2023.10.10"]
[SourceQuality "1"]

1. Nf3 a6 2. e4 c6 3. d4 d5 4. exd5 cxd5 5. Bd3 Nc6 6. c3 Bg4 7. h3 Bh5 8. Bf4 e6 9. Nbd2 Bd6 10. Bxd6 Qxd6 11. 0-0 Nge7 12. Re1 Bg6 13. Bf1 h6 14. a4 0-0 15. a5 Qc7 16. b4 Bh5 17. Nb3 Nc8 18. Nc5 Nd6 19. Bd3 Ne7 20. g4 Bg6 21. Ne5 Bxd3 22. Qxd3 Nc6 23. Nxc6 Qxc6 24. h4 Rfe8 25. Re2 Re7 26. Rae1 Rae8 27. g5 Nf5 28. Qh3 h5 29. g6 fxg6 30. Re5 Qb5 31. Kh1 Qc4 32. Nxe6 Qa2 33. R1e2 Qb1+ 34. Kh2 Qc1 35. Qg2 Nxh4 36. Qxd5 Kh8 37. Qe4 Rxe6 38. Rxe6 Rxe6 39. Qxe6 Qf4+ 40. Kh3 Nf3 41. Kg2 Nh4+ 42. Kg1 Qc1+ 43. Kh2 Qf4+ 44. Kh3 Nf3 45. Kg2 Nh4+ 46. Kf1 Qc1+ 47. Re1 Qxc3 48. Qe4 Nf3 49. Qe3 Qxe1+ 0-1

[Event "NED-chT 2324"]
[Site "Netherlands"]
[Date "2023.09.16"]
[Round "1.6"]
[White "Schoorl, Rob"]
[Black "Warmerdam, Max"]
[Result "1-0"]
[WhiteElo "2340"]
[BlackElo "2645"]
[PlyCount "121"]
[EventDate "2023.09.16"]
[EventType "team-tourn"]
[EventRounds "9"]
[EventCountry "NED"]
[SourceTitle "EXT 2024"]
[Source "ChessBase"]
[SourceDate "2023.10.10"]
[SourceVersion "1"]
[SourceVersionDate "2023.10.10"]
[SourceQuality "1"]
[WhiteTeam "Den Bosch HMC"]
[BlackTeam "Apeldoorn"]
[WhiteTeamCountry "NED"]
[BlackTeamCountry "NED"]

1. Nf3 Nf6 2. g3 g6 3. b3 d5 4. Bb2 c5 5. c4 d4 6. b4 Bg7 7. Bg2 Nfd7 8. d3 Nc6 9. b5 Nce5 10. Nbd2 0-0 11. 0-0 Nxf3+ 12. exf3 e5 13. a4 a5 14. Re1 Ra7 15. Bc1 b6 16. Ne4 Bb7 17. f4 f5 18. Ng5 Bxg2 19. Kxg2 h6 20. Ne6 Qa8+ 21. Qf3 Qxf3+ 22. Kxf3 Re8 23. Nxg7 Kxg7 24. Ra2 Kf6 25. Rae2 g5 26. Kg2 Raa8 27. fxe5+ Rxe5 28. f4 Rxe2+ 29. Rxe2 Nf8 30. fxg5+ hxg5 31. h4 gxh4 32. gxh4 Ne6 33. Kf3 Rg8 34. Re1 Rh8 35. Rh1 Rh5 36. Bf4 Rh7 37. Rh2 Kf7 38. Be5 Kg6 39. Rg2+ Kf7 40. Rh2 Rh5 41. Bb8 Nf8 42. Bc7 Rh6 43. h5 Ke8 44. Bf4 Rh7 45. h6 Ne6 46. Bb8 Kd8 47. Rh5 Kc8 48. Bf4 Kd7 49. Bd2 Nd8 50. Rxf5 Nf7 51. Rf6 Ne5+ 52. Ke4 Re7 53. Kf5 Nxd3 54. Rxb6 Rf7+ 55. Rf6 Re7 56. b6 Kc8 57. Re6 Rd7 58. Kf6 Nf2 59. Re8+ Kb7 60. Re7 Ng4+ 61. Ke6 1-0

[Event "NED-ch Blitz Pool-A"]
[Site "Rotterdam"]
[Date "2023.09.09"]
[Round "2"]
[White "Leenhouts, Koen"]
[Black "Warmerdam, Max"]
[Result "0-1"]
[WhiteElo "2446"]
[BlackElo "2633"]
[PlyCount "76"]
[EventDate "2023.09.09"]
[EventType "tourn (blitz)"]
[EventRounds "5"]
[EventCountry "NED"]
[EventCategory "11"]
[SourceTitle "EXT 2024"]
[Source "ChessBase"]
[SourceDate "2023.10.10"]
[SourceVersion "1"]
[SourceVersionDate "2023.10.10"]
[SourceQuality "1"]

1. d4 d5 2. c4 e6 3. Nc3 Nf6 4. cxd5 exd5 5. Bg5 c6 6. Qc2 Bd6 7. e3 0-0 8. Bd3 h6 9. Bh4 Re8 10. Nge2 a5 11. Bg3 Bf8 12. 0-0 Nbd7 13. Rad1 b5 14. Rde1 Ba6 15. Nd1 c5 16. dxc5 Nxc5 17. Bf5 b4 18. f3 g6 19. Bh3 Nd3 20. Nd4 Bc5 21. Nf2 Nxf2 22. Qxf2 Qb6 23. Rd1 Bxf1 24. Kxf1 Re7 25. Bf4 Bxd4 26. exd4 g5 27. Be5 Nd7 28. Bxd7 Rxd7 29. h4 f6 30. Bg3 Re8 31. Qc2 Kg7 32. Qf5 Qe6 33. Qd3 Rde7 34. Kg1 Qf7 35. Bf2 Re2 36. Rc1 Rxb2 37. h5 Ree2 38. Rf1 Qxh5 0-1

[Event "NED-ch Blitz Final"]
[Site "Rotterdam"]
[Date "2023.09.09"]
[Round "1"]
[White "Warmerdam, Max"]
[Black "Schoppen, Casper"]
[Result "0-1"]
[WhiteElo "2633"]
[BlackElo "2522"]
[PlyCount "102"]
[EventDate "2023.09.09"]
[EventType "tourn (blitz)"]
[EventRounds "11"]
[EventCountry "NED"]
[EventCategory "9"]
[SourceTitle "EXT 2024"]
[Source "ChessBase"]
[SourceDate "2023.10.10"]
[SourceVersion "1"]
[SourceVersionDate "2023.10.10"]
[SourceQuality "1"]

1. Nf3 Nf6 2. c4 b6 3. g3 Bb7 4. Bg2 g6 5. 0-0 Bg7 6. d4 0-0 7. d5 Na6 8. Nc3 e6 9. e4 exd5 10. cxd5 c6 11. Bf4 cxd5 12. exd5 Re8 13. Nd4 Nh5 14. Bd6 Nf6 15. Ndb5 Bf8 16. Qd4 Bg7 17. Qd2 h5 18. h3 Nc5 19. Bxc5 bxc5 20. Nd6 Ba6 21. Nxe8 Nxe8 22. Rfe1 d6 23. Rac1 Rb8 24. b3 Nf6 25. Na4 Nd7 26. Nb2 Ne5 27. Re4 Bc8 28. f4 Nd7 29. Nc4 Nf6 30. Re2 Ba6 31. Re3 Nh7 32. Kh1 Bd4 33. Re4 Bg7 34. Na5 Qc7 35. Nc6 Rf8 36. Re7 Qb6 37. Qa5 Nf6 38. Rxa7 Qxa5 39. Nxa5 Bd3 40. Nc4 Ne4 41. Kh2 h4 42. gxh4 Bh6 43. Rf1 Bxf1 44. Bxf1 Bxf4+ 45. Kg2 Re8 46. Nb6 Kg7 47. a4 Nd2 48. a5 Re1 49. Bb5 Be3 50. Be2 Rxe2+ 51. Kg3 Re1 0-1

[Event "NED-ch Blitz Final"]
[Site "Rotterdam"]
[Date "2023.09.09"]
[Round "8"]
[White "Warmerdam, Max"]
[Black "Van Arkel, Rogier"]
[Result "1-0"]
[WhiteElo "2633"]
[BlackElo "2204"]
[PlyCount "49"]
[EventDate "2023.09.09"]
[EventType "tourn (blitz)"]
[EventRounds "11"]
[EventCountry "NED"]
[EventCategory "9"]
[SourceTitle "EXT 2024"]
[Source "ChessBase"]
[SourceDate "2023.10.10"]
[SourceVersion "1"]
[SourceVersionDate "2023.10.10"]
[SourceQuality "1"]

1. Nf3 c5 2. g3 b6 3. Bg2 Bb7 4. 0-0 Nf6 5. c4 g6 6. Nc3 Bg7 7. d4 cxd4 8. Qxd4 d6 9. Rd1 Nbd7 10. b3 0-0 11. Bb2 Ne4 12. Qe3 Nxc3 13. Bxc3 Bxc3 14. Qxc3 Nf6 15. Qe3 Qc7 16. h3 Rac8 17. Rd2 Ne4 18. Rd4 Nf6 19. Rad1 Rfe8 20. Qh6 Qc5 21. Ng5 Bxg2 22. Kxg2 Qe5 23. Rh4 Qxe2 24. Nxh7 Nh5 25. Ng5 1-0

[Event "Titled Tuesday intern op 29th Aug Early"]
[Site "Chess.com INT"]
[Date "2023.08.29"]
[Round "6"]
[White "Agibileg, Uurtsaikh"]
[Black "Warmerdam, Max"]
[Result "0-1"]
[WhiteElo "2441"]
[BlackElo "2633"]
[PlyCount "70"]
[EventDate "2023.08.29"]
[EventType "swiss (blitz)"]
[EventRounds "11"]
[EventCountry "USA"]
[SourceTitle "EXT 2024"]
[Source "ChessBase"]
[SourceDate "2023.10.10"]
[SourceVersion "1"]
[SourceVersionDate "2023.10.10"]
[SourceQuality "1"]

1. d4 Nf6 2. c4 e6 3. Nc3 d5 4. cxd5 exd5 5. Bg5 c6 6. e3 Bd6 7. Bd3 0-0 8. Nge2 Re8 9. Qc2 h6 10. Bh4 a5 11. h3 Na6 12. a3 Nc7 13. 0-0 Ne6 14. f3 Ng5 15. e4 Nfxe4 16. fxe4 Nxh3+ 17. gxh3 Qxh4 18. e5 Rxe5 19. Bh7+ Kh8 20. dxe5 Bc5+ 21. Nd4 Bxd4+ 22. Kh1 Bxh3 23. Qh2 Bxe5 24. Qxe5 Bxf1+ 25. Kg1 Bh3 26. Bd3 f6 27. Qe2 d4 28. Re1 Qg3+ 29. Kh1 Bg2+ 30. Qxg2 Qxe1+ 31. Kh2 dxc3 32. Qg6 Qh4+ 33. Kg2 Qg5+ 34. Qxg5 hxg5 35. bxc3 Rd8 0-1